[Event "Oberliga NRW 1112"]
[Site "Germany"]
[Date "2011.11.13"]
[Round "3.6"]
[White "Krings, Christoph"]
[Black "Mazarov, Juergen"]
[Result "1/2-1/2"]
[WhiteElo "2121"]
[BlackElo "2133"]
[PlyCount "29"]
[EventDate "2011.09.18"]
[EventType "team-tourn"]
[EventRounds "9"]
[EventCountry "GER"]
[SourceTitle "EXT 2015"]
[Source "ChessBase"]
[SourceDate "2014.11.20"]
[SourceVersion "1"]
[SourceVersionDate "2014.11.20"]
[SourceQuality "1"]
[WhiteTeam "Erkenschwick"]
[BlackTeam "Bochum SG II"]
[WhiteTeamCountry "GER"]
[BlackTeamCountry "GER"]

1. d4 d5 2. Nf3 Nf6 3. g3 g6 4. Bg2 Bg7 5. 0-0 0-0 6. c4 c6 7. cxd5 cxd5 8. Nc3 Nc6 9. b3 Ne4 10. Bb2 Nxc3 11. Bxc3 Qb6 12. e3 a5 13. Ne5 Rd8 14. Nxc6 Qxc6 15. Qd2 1/2-1/2

[Event "GER-chT Lands U21"]
[Site "Xanten"]
[Date "2011.11.02"]
[Round "5.1"]
[White "Powierski, Emil"]
[Black "Mazarov, Juergen"]
[Result "0-1"]
[WhiteElo "2002"]
[BlackElo "2094"]
[PlyCount "102"]
[EventDate "2011.10.31"]
[EventType "team-swiss"]
[EventRounds "7"]
[EventCountry "GER"]
[SourceTitle "EXT 2022"]
[Source "ChessBase"]
[SourceDate "2021.10.06"]
[SourceVersion "1"]
[SourceVersionDate "2021.10.06"]
[SourceQuality "1"]
[WhiteTeam "Schleswig Holstein/NDS U21"]
[BlackTeam "Nordrhein Westfalen U21 II"]
[WhiteTeamCountry "GER"]
[BlackTeamCountry "GER"]

1. e4 c5 2. Nf3 d6 3. d4 cxd4 4. Nxd4 Nf6 5. Nc3 a6 6. Be2 e6 7. 0-0 Be7 8. Be3 Qc7 9. f4 0-0 10. Bf3 Nbd7 11. Qe1 Rb8 12. Kh1 Nb6 13. Rd1 Bd7 14. Qg3 Nc4 15. Bc1 b5 16. e5 Ne8 17. Ne4 Rc8 18. b3 Nb6 19. Ng5 Bxg5 20. Qxg5 f6 21. exf6 Nxf6 22. Bb2 Rce8 23. Ne2 Bc6 24. Bxc6 Qxc6 25. Nd4 Qd7 26. f5 e5 27. Ne6 Rxe6 28. fxe6 Qxe6 29. Rd3 Nbd5 30. Rg3 Rf7 31. Bc1 Qc8 32. Qf5 Qxf5 33. Rxf5 Rc7 34. h4 Rxc2 35. Bh6 g6 36. a4 bxa4 37. bxa4 Rc4 38. h5 Kf7 39. Rf1 Rxa4 40. Bg5 e4 41. hxg6+ hxg6 42. Rg4 Kg7 43. Bxf6+ Nxf6 44. Rgf4 Nh5 45. Rf7+ Kh6 46. Rd1 e3 47. Rxd6 e2 48. Re6 Ra1+ 49. Kh2 e1Q 50. Rxe1 Rxe1 51. Ra7 Re6 0-1

[Event "GER-chT Lands U21"]
[Site "Xanten"]
[Date "2011.11.01"]
[Round "3.1"]
[White "Mazarov, Juergen"]
[Black "Colpe, Malte"]
[Result "1/2-1/2"]
[WhiteElo "2094"]
[BlackElo "2127"]
[PlyCount "41"]
[EventDate "2011.10.31"]
[EventType "team-swiss"]
[EventRounds "7"]
[EventCountry "GER"]
[SourceTitle "EXT 2022"]
[Source "ChessBase"]
[SourceDate "2021.10.06"]
[SourceVersion "1"]
[SourceVersionDate "2021.10.06"]
[SourceQuality "1"]
[WhiteTeam "Nordrhein Westfalen U21 II"]
[BlackTeam "Hamburg U21"]
[WhiteTeamCountry "GER"]
[BlackTeamCountry "GER"]

1. e4 c5 2. Nf3 d6 3. d4 cxd4 4. Nxd4 Nf6 5. Nc3 a6 6. Be3 e5 7. Nf3 Be7 8. Bc4 0-0 9. 0-0 Bg4 10. Re1 Nbd7 11. h3 Bh5 12. Qe2 b5 13. Bd5 b4 14. Bxa8 Qxa8 15. Nd5 Nxd5 16. exd5 Qxd5 17. Qxa6 Bxf3 18. gxf3 Qxf3 19. Qf1 f5 20. Qg2 Qh5 21. f4 1/2-1/2

[Event "GER-chT Lands U21"]
[Site "Xanten"]
[Date "2011.10.31"]
[Round "1.1"]
[White "Mazarov, Juergen"]
[Black "Savchenko, Aleksij"]
[Result "1/2-1/2"]
[WhiteElo "2094"]
[BlackElo "2239"]
[PlyCount "35"]
[EventDate "2011.10.31"]
[EventType "team-swiss"]
[EventRounds "7"]
[EventCountry "GER"]
[SourceTitle "EXT 2022"]
[Source "ChessBase"]
[SourceDate "2021.10.06"]
[SourceVersion "1"]
[SourceVersionDate "2021.10.06"]
[SourceQuality "1"]
[WhiteTeam "Nordrhein Westfalen U21 II"]
[BlackTeam "Nordrhein Westfalen U21"]
[WhiteTeamCountry "GER"]
[BlackTeamCountry "GER"]

1. e4 c5 2. Nf3 e6 3. d4 cxd4 4. Nxd4 a6 5. c4 Qh4 6. Nc3 Bb4 7. Bd3 Nc6 8. Nf3 Qh5 9. 0-0 Nf6 10. Na4 b5 11. cxb5 axb5 12. Nb6 Rb8 13. Nxc8 Rxc8 14. Qe2 Bd6 15. h3 b4 16. Be3 Ne5 17. Bd4 Nxf3+ 18. Qxf3 1/2-1/2

[Event "Oberliga NRW 1112"]
[Site "Germany"]
[Date "2011.10.09"]
[Round "2.5"]
[White "Richter, Christian"]
[Black "Mazarov, Juergen"]
[Result "1-0"]
[WhiteElo "2317"]
[BlackElo "2133"]
[PlyCount "37"]
[EventDate "2011.09.18"]
[EventType "team-tourn"]
[EventRounds "9"]
[EventCountry "GER"]
[SourceTitle "EXT 2015"]
[Source "ChessBase"]
[SourceDate "2014.11.20"]
[SourceVersion "1"]
[SourceVersionDate "2014.11.20"]
[SourceQuality "1"]
[WhiteTeam "Emsdetten Turm II"]
[BlackTeam "Bochum SG II"]
[WhiteTeamCountry "GER"]
[BlackTeamCountry "GER"]

1. d4 Nf6 2. Nf3 d5 3. c4 dxc4 4. e3 c5 5. Bxc4 e6 6. 0-0 a6 7. dxc5 Qxd1 8. Rxd1 Bxc5 9. Nbd2 0-0 10. Be2 Nbd7 11. Nc4 Ne4 12. Nd4 h6 13. Kf1 Ndf6 14. f3 Ng5 15. Nb3 Ba7 16. e4 Bd7 17. Nd6 b5 18. Bd2 Ne8 19. Nxe8 1-0

[Event "Oberliga NRW 1112"]
[Site "Germany"]
[Date "2011.09.18"]
[Round "1.5"]
[White "Mazarov, Juergen"]
[Black "Wolter, Kai"]
[Result "0-1"]
[WhiteElo "2133"]
[BlackElo "2194"]
[PlyCount "100"]
[EventDate "2011.09.18"]
[EventType "team-tourn"]
[EventRounds "9"]
[EventCountry "GER"]
[SourceTitle "EXT 2015"]
[Source "ChessBase"]
[SourceDate "2014.11.20"]
[SourceVersion "1"]
[SourceVersionDate "2014.11.20"]
[SourceQuality "1"]
[WhiteTeam "Bochum SG II"]
[BlackTeam "Muenster SK"]
[WhiteTeamCountry "GER"]
[BlackTeamCountry "GER"]

1. e4 c5 2. Nf3 e6 3. d4 cxd4 4. Nxd4 Nc6 5. Nc3 Qc7 6. Be3 a6 7. Be2 Nf6 8. 0-0 Bb4 9. Nxc6 bxc6 10. Na4 Be7 11. Nb6 Rb8 12. Nxc8 Qxc8 13. e5 Nd5 14. Bc1 Bc5 15. Qd3 Qc7 16. Qxa6 Qxe5 17. Bf3 0-0 18. Qe2 Qxe2 19. Bxe2 e5 20. c4 Nf6 21. a3 Bd4 22. Ra2 c5 23. Be3 Bxe3 24. fxe3 Rb3 25. Bd1 Rxe3 26. b4 Ra8 27. b5 Rexa3 28. Re2 d6 29. Rd2 Rd8 30. Bf3 e4 31. Be2 Kf8 32. g4 h6 33. Rb1 Ke7 34. b6 Rb8 35. Rdb2 Rb7 36. Kf2 Nd7 37. h4 Ra6 38. Ke3 Raxb6 39. Rxb6 Rxb6 40. Rxb6 Nxb6 41. Kxe4 Kf6 42. Bd3 g5 43. h5 Ke6 44. Bf1 Nd7 45. Be2 Nf6+ 46. Ke3 Ke5 47. Bd1 d5 48. cxd5 Nxd5+ 49. Kd3 c4+ 50. Kd2 Kf4 0-1

[Event "Dortmund Sparkassen op-A"]
[Site "Dortmund"]
[Date "2011.07.24"]
[Round "2"]
[White "Tran, Duc Cuong"]
[Black "Mazarov, Juergen"]
[Result "1-0"]
[WhiteElo "1974"]
[BlackElo "2172"]
[PlyCount "98"]
[EventDate "2011.07.23"]
[EventType "swiss"]
[EventRounds "9"]
[EventCountry "GER"]
[SourceTitle "CBM 143 Extra"]
[Source "ChessBase"]
[SourceDate "2011.08.29"]
[SourceVersion "1"]
[SourceVersionDate "2011.08.29"]
[SourceQuality "1"]

1. e4 c5 2. Nf3 d6 3. d4 cxd4 4. Nxd4 Nf6 5. Nc3 a6 6. Be2 e6 7. 0-0 Be7 8. f4 Qc7 9. Be3 0-0 10. g4 b5 11. g5 Nfd7 12. f5 Ne5 13. f6 Bd8 14. fxg7 Kxg7 15. Bd3 Kh8 16. Qh5 Rg8 17. Rf2 Qe7 18. Raf1 Rg7 19. Nce2 Nbd7 20. Ng3 Bb7 21. Nf3 Kg8 22. Nxe5 Nxe5 23. Qh4 Rxg5 24. Bxg5 Qxg5 25. Qxg5+ Bxg5 26. Re2 Kf8 27. b3 Ke7 28. Ree1 Rc8 29. h3 Rc3 30. Ne2 Nxd3 31. cxd3 Rxd3 32. Nf4 Rd2 33. a4 bxa4 34. bxa4 Rd4 35. Rc1 Bxe4 36. Rc7+ Ke8 37. Kh2 Rxa4 38. Kg3 Ra3+ 39. Kg4 Bd8 40. Ra7 Bf5+ 41. Kh5 e5 42. Rg1 Bg6+ 43. Nxg6 hxg6+ 44. Kh6 a5 45. Rf1 Rxh3+ 46. Kg7 Be7 47. Rb1 g5 48. Rbb7 g4 49. Rxe7+ Kd8 1-0

[Event "Dortmund Sparkassen op-A"]
[Site "Dortmund"]
[Date "2011.07.23"]
[Round "1"]
[White "Mazarov, Juergen"]
[Black "Mackowiak, Sascha"]
[Result "1/2-1/2"]
[WhiteElo "2172"]
[BlackElo "1964"]
[PlyCount "52"]
[EventDate "2011.07.23"]
[EventType "swiss"]
[EventRounds "9"]
[EventCountry "GER"]
[SourceTitle "CBM 143 Extra"]
[Source "ChessBase"]
[SourceDate "2011.08.29"]
[SourceVersion "1"]
[SourceVersionDate "2011.08.29"]
[SourceQuality "1"]

1. e4 e6 2. d4 d5 3. Nd2 Nf6 4. e5 Nfd7 5. f4 c5 6. c3 Nc6 7. Ndf3 Qb6 8. h4 f6 9. a3 cxd4 10. cxd4 Be7 11. Bd3 0-0 12. Nh3 h6 13. h5 fxe5 14. dxe5 Nc5 15. Bc2 Ne4 16. Qd3 Bd7 17. Be3 Bc5 18. Bxc5 Qxc5 19. 0-0-0 Rac8 20. Kb1 Na5 21. Nd4 Qb6 22. Ka2 Nc4 23. Rb1 Ncd2 24. Rbd1 Nc4 25. Rb1 Ncd2 26. Rbd1 Nc4 1/2-1/2